banner koha

Sustentabilidade econômica da produção de palmito de pupunheira no estado do Amapá (Registro n. 9357)

MARC details
000 -LÍDER
fixed length control field 03906nab a2200289 i 4500
003 - CÓDIGO MARC DA AGÊNCIA CATALOGADORA
Campo de controle BR-BrBNA
005 - DATA E HORA DA ÚLTIMA ATUALIZAÇÃO
Campo de controle 20230828145808.0
008 - CAMPO DE TAMANHO FIXO
fixed length control field 230613b2022 bl.ar|pooa||| 00| 0 por |
040 ## - FONTE DA CATALOGAÇÃO
Agência catalogadora BR-BrBNA
Idioma da catalogação por
072 ## - CATEGORIA AGRIS
Código AGRIS E16
Código do objeto 0329
100 ## - ENTRADA PRINCIPAL - NOME PESSOAL
Nome pessoal Yokomizo, Gilberto Ken Iti
100 ## - ENTRADA PRINCIPAL - NOME PESSOAL
Nome pessoal Santos, Igor Correa dos
100 ## - ENTRADA PRINCIPAL - NOME PESSOAL
Nome pessoal Santos, Enéas Correa dos
245 ## - TÍTULO PRINCIPAL
Título principal Sustentabilidade econômica da produção de palmito de pupunheira no estado do Amapá
500 ## - NOTA GERAL
Nota geral Publicação on-line; 29 ref.; 3 tables; 2 illus.; Summaries (En, Pt)
942 ## - ADDED ENTRY ELEMENTS (KOHA)
Koha item type
520 ## - NOTA DE RESUMO
Nota de conteúdo <br/><br/>O açaizeiro e a juçara são as principais fontes de palmito, explorados de forma extrativa e predatória, sendo<br/>preciso encontrar substitutos para cultivos racionais, desta forma o objetivo deste artigo é realizar um estudo da<br/>viabilidade econômica da pupunheira na região do Amapá. As análises foram realizadas com os valores de R$ 3,50<br/>e R$ 4,00 por haste, com taxas mínimas de atratividade (TMAs) de 8; 10 e 12%, uso ou não de irrigação complementar,<br/>sendo estimados a Taxa Interna de Retorno (TIR), o Payback descontado (PB), o Índice de Lucratividade (IL) e o<br/>Valor Presente Líquido (VPL). Concluiu-se que ambos os preços tornam o projeto viável, recomendando-se o maior<br/>valor para viabilizar efetivamente o cultivo na região. O tempo de retorno com menor preço e irrigação, associado a<br/>uma TMA alta torna desestimulante o investimento. Pelas curvas uma TMA de 8% com irrigação em ambos os<br/>preços é mais atrativa, lembrando que a não adoção da irrigação pode gerar impacto negativo na produtividade na<br/>estiagem e; pela dependência de fretes para os insumos, ausência de mão de obra qualificada, os custos impactam<br/>negativamente o empreendimento.<br/><br/>Palavras-chave: Bactris gasipaes, desempenho econômico, desenvolvimento sustentável.<br/><br/><br/>
520 ## - NOTA DE RESUMO
Nota de conteúdo Economical sustainability of heart of palm from pejibaye palm in Amapá state.<br/><br/>The açaí and juçara palms trees are the main sources of palm heart, exploited in an extractive and predatory way, and<br/>it is necessary to find substitutes for rational crops, so the objective of this article is to carry out a study of the<br/>economic viability of peach palm in the region of Amapá. Analyzes were performed with values of R$ 3.50 and R$<br/>4.00 per stem, with minimum rates of attractiveness (TMAs) of 8; 10 and 12%, use or not of complementary<br/>irrigation, being estimated the Internal Rate of Return (IRR), the discounted Payback (PB), the Profitability Index<br/>(IL) and the Net Present Value (NPV). It was concluded that both prices make the project viable, recommending the<br/>highest value to effectively enable cultivation in the region. The payback time with lower price and irrigation,<br/>associated with a high TMA becomes a discouraging investment. Based on the curves, a TMA of 8% with irrigation<br/>at both prices is more attractive, remembering that the non-adoption of irrigation can generate a negative impact on<br/>productivity in the dry season and; due to the dependence on freight for inputs, the absence of qualified labor, the<br/>costs impact negatively the enterprise.<br/><br/>Key words: Bactris gasipaes, economic performance, sustainable development
650 ## - ASSUNTO - THESAGRO
Cabeçalho tópico ou nome geográfico BACTRIS GASIPAES
650 ## - ASSUNTO - THESAGRO
Cabeçalho tópico ou nome geográfico PUPUNHA
650 ## - ASSUNTO - THESAGRO
Cabeçalho tópico ou nome geográfico ECONOMIA
650 ## - ASSUNTO - THESAGRO
Cabeçalho tópico ou nome geográfico DESENVOLVIMENTO SUSTENTÁVEL
773 0# - ENTRADA ANALÍTICA
Host Biblionumber 1823
Registro do item 25162
Imprenta Itabuna-BA Comissão Executiva do Plano de Lavoura Cacaueira 1989
Outro identificador 2023-435741
Título Agrotrópica (Brazil)
ISSN 0103-3816
Colação v. 34(3) p. 207-216; (Sep-Dec 2022)
Número de controle de registro BR2023000650
856 ## - ACESSO E ENDEREÇO ELETRÔNICO
Identificador uniforme de recurso - URI https://www.gov.br/agricultura/pt-br/assuntos/ceplac/publicacoes/revista-agrotropica/artigos/2022/0103-3816-2022v34n3p207-216.pdf
856 ## - ACESSO E ENDEREÇO ELETRÔNICO
Identificador uniforme de recurso - URI https://www.gov.br/agricultura/pt-br/assuntos/ceplac/publicacoes/revista-agrotropica/revista-volumes/2022/REVISTAAGROTRPICA34.3setadezde2022.pdf

Nenhum exemplar disponível.

BINAGRI

Telefone: (61)3218-2567/2388/3357/2097 - binagri@agro.gov.br

Ministério da Agricultura e Pecuária , Esplanada dos Ministérios, Bloco D, Anexo B, Brasília/DF, CEP: 70.043-900